000 007130000a22002290004500
003 dpl
005 20081029122440.0
008 081029t xxu||||| |||| 00| 0 eng d
010 _aENG-84585
020 _a8182201845
020 _c650.00 (hb)
035 _aEN-68118
040 _cdpl
082 _a362.954
100 _aChaudhary, Sunil
245 _aWelfare policy and social development /
_cby Sunil Chaudhary
260 _aNew Delhi
_bGlobal Vision Publishing House
260 _c2006
300 _avii,278p
_c22cm
942 _2ddc
_cEN
_i362.954
_mCHA
999 _c17889
_d17889